| 000 | 00432nam a2200181Ia 4500 | ||
|---|---|---|---|
| 005 | 20250423101009.0 | ||
| 008 | 250422s9999 xx 000 0 und d | ||
| 020 | _a9788180549311 | ||
| 050 | _aQA 278 .G87/ | ||
| 100 | _aGupta, S.P. | ||
| 245 | 0 | _aStatistical methods | |
| 260 | _aNew Delhi, India | ||
| 260 | _bSultan chand & sons | ||
| 260 | _c2013 | ||
| 300 | _a1425 p | ||
| 650 | _aMultivariate analysis. | ||
| 942 | _cBK | ||
| 999 |
_c34972 _d34972 |
||